| 000 | 00598nam a2200205 u 4500 | ||
|---|---|---|---|
| 005 | 20240831063726.0 | ||
| 008 | 090527s2005 r 000 0 eng d | ||
| 020 | _a8495994674 | ||
| 035 | _aUPN01000170730 | ||
| 049 | _aI | ||
| 050 | 4 |
_aPZ74 _bM8.7 |
|
| 100 | 1 |
_aMuñoz Martín, Juan, _d1929- _930134 |
|
| 245 | 1 | 4 |
_aLos trece hijos brutos del rey Sisebuto / _cJuan Muñoz Martín ; il. Miguel Calero. |
| 260 |
_aMadrid : _bMestas, _c[2005]. |
||
| 300 |
_a125 p. : _bil. |
||
| 440 | 0 | _aJuan Muñoz | |
| 650 | 4 |
_aCuentos infantiles españoles _97725 |
|
| 905 | _aInfantil | ||
| 999 |
_c142835 _d142835 |
||